000 00762nam a2200253 4500
003 OSt
005 20260530115259.0
008 260421b1970 xxua|||| |||| 00| 0 eng d
040 _aICI
_bspa
_cICI
050 _aQC533
_b.E67 2026
100 1 _aSeverino, Renato,
_931005
245 1 0 _aEquipotential Space /
_bFreedom in Architecture
264 1 _bPraeger Publishers
_c1979
_aNew York, N.Y.,
300 _a141 páginas
_c23.5 cm
336 _atexto
_2rdacontent
337 _asin medio
_2rdamedia
338 _avolumen
_2rdacarrier
650 0 _aSuperficies equipotenciales
_931006
650 0 _aPotencial eléctrico
_931007
650 0 _aCampos eléctricos
_931008
650 0 _aElectrostática
_931009
700 1 _a[Otros autores]
_931010
942 _2lcc
_cBK
999 _c12774
_d12774